000 00294nam a2200121 a 4500
001 4143
005 20140414131904.0
008 090223s19uu xx 00 eng d
050 _aFIC
_bAn1 1997
100 _aAndrews, Kate
245 _aMaking friends, bk. 1 :
_bWise up, Alex.
999 _c110825
_d110825